header

Anyuan (Record no. 189126)

MARC details
000 -LEADER
fixed length control field 02630nam a2200481 a 4500
082 04 - DEWEY DECIMAL CLASSIFICATION NUMBER
Classification number 951.2/22
100 1# - MAIN ENTRY--AUTHOR NAME
Personal name Perry, Elizabeth J.
245 10 - TITLE STATEMENT
Title Anyuan
260 ## - PUBLICATION, DISTRIBUTION, ETC. (IMPRINT)
Place of publication Berkeley :
Name of publisher University of California Press,
Year of publication c2012.
300 ## - PHYSICAL DESCRIPTION
Number of Pages xv, 392 p. :
Other physical details ill., maps.
490 1# - SERIES STATEMENT
Series statement Asia--local studies/global themes ;
500 ## - GENERAL NOTE
General note "A Philip E. Lilienthal book."
505 0# - FORMATTED CONTENTS NOTE
Formatted contents note Rehearsing Revolution -- Teaching Revolution : The Strike of 1922 -- "China's Little Moscow" -- From Mobilization to Militarization -- Constructing a Revolutionary Tradition -- Mao's Final Crusade : The Great Proletarian Cultural Revolution -- "Reforming" the Revolutionary Tradition -- Glossary.
650 #0 - SUBJECT ADDED ENTRY--TOPICAL TERM
Topical Term Communism
Topical Term Revolutions
Topical Term Political culture
Topical Term Social change
Topical Term Coal miners
Topical Term Labor movement
Topical Term Working class
856 40 - ELECTRONIC LOCATION AND ACCESS
Uniform Resource Identifier http://site.ebrary.com/lib/rucke/Doc?id=10577731

No items available.

© 2026 Rongo University
Contact us: librarian | system librarian | Rongo university